000
00214 a2200097 4500
001
12226
100
_a
Qamar-uddin Khan
245
_a
Samander Baba
260
_a
_b
Sang-e-Meel Publications
_c
090
_c
9447
_d
9447
942
_a
NUST-CAE
_c
M
_c
36319
999
_c
247299
_d
247299